[Event "Polanica Zdroj op-B 46th"]
[Site "Polanica Zdroj"]
[Date "2010.08.24"]
[Round "7"]
[White "Simon, Marek"]
[Black "Babczynski, Dariusz"]
[Result "0-1"]
[WhiteElo "1811"]
[BlackElo "1970"]
[PlyCount "56"]
[EventDate "2010.08.18"]
[EventType "swiss"]
[EventRounds "9"]
[EventCountry "POL"]
[SourceTitle "CBM 138 Extra"]
[Source "ChessBase"]
[SourceDate "2010.10.29"]
[SourceVersion "1"]
[SourceVersionDate "2010.10.29"]
[SourceQuality "1"]

1. e4 c5 2. Nf3 d6 3. d4 cxd4 4. Bb5+ Bd7 5. Bxd7+ Qxd7 6. Nxd4 Nf6 7. f3 e5 8. Nb3 d5 9. exd5 Qxd5 10. 0-0 Bc5+ 11. Kh1 Qxd1 12. Rxd1 Bb6 13. Bg5 Nbd7 14. Nc3 0-0 15. Nd5 Nxd5 16. Rxd5 f6 17. Rxd7 fxg5 18. Rxb7 g4 19. c4 Rac8 20. Rd1 Rxc4 21. Rdd7 Rfc8 22. Rxg7+ Kf8 23. Rgf7+ Kg8 24. Rg7+ Kf8 25. Rbf7+ Ke8 26. g3 Rc1+ 27. Nxc1 Rxc1+ 28. Kg2 Rg1# 0-1

[Event "Polanica Zdroj op-B 46th"]
[Site "Polanica Zdroj"]
[Date "2010.08.21"]
[Round "4"]
[White "Babczynski, Dariusz"]
[Black "Jarmula, Lukasz"]
[Result "0-1"]
[WhiteElo "1970"]
[BlackElo "1801"]
[PlyCount "70"]
[EventDate "2010.08.18"]
[EventType "swiss"]
[EventRounds "9"]
[EventCountry "POL"]
[SourceTitle "CBM 138 Extra"]
[Source "ChessBase"]
[SourceDate "2010.10.29"]
[SourceVersion "1"]
[SourceVersionDate "2010.10.29"]
[SourceQuality "1"]

1. Nf3 Nf6 2. g3 g6 3. Bg2 Bg7 4. 0-0 0-0 5. d4 d6 6. c4 Nc6 7. Nc3 a6 8. e4 Bg4 9. h3 Bxf3 10. Bxf3 e5 11. d5 Nd4 12. Bg2 c5 13. Bg5 h6 14. Be3 Nd7 15. Qd2 Kh7 16. f4 exf4 17. Bxf4 Ne5 18. b3 Qa5 19. Rf2 b5 20. cxb5 Nxb3 21. axb3 Qxa1+ 22. Rf1 Qa5 23. bxa6 Rxa6 24. Qc2 c4 25. bxc4 Nxc4 26. Ne2 Qb6+ 27. Kh2 Ne3 28. Bxe3 Qxe3 29. Rf3 Qg5 30. h4 Qe7 31. Qc4 Ra1 32. Nd4 Be5 33. Kh3 Qd7+ 34. Kh2 Qg4 35. Bh3 Qxe4 0-1

[Event "Polanica Zdroj op-B 46th"]
[Site "Polanica Zdroj"]
[Date "2010.08.19"]
[Round "2"]
[White "Babczynski, Dariusz"]
[Black "Drabek, Jan"]
[Result "1/2-1/2"]
[WhiteElo "1970"]
[BlackElo "1670"]
[PlyCount "29"]
[EventDate "2010.08.18"]
[EventType "swiss"]
[EventRounds "9"]
[EventCountry "POL"]
[SourceTitle "CBM 138 Extra"]
[Source "ChessBase"]
[SourceDate "2010.10.29"]
[SourceVersion "1"]
[SourceVersionDate "2010.10.29"]
[SourceQuality "1"]

1. e4 c5 2. Nf3 Nc6 3. c3 Nf6 4. e5 Nd5 5. d4 cxd4 6. cxd4 d6 7. exd6 Qxd6 8. h3 g6 9. Nc3 a6 10. Bc4 Be6 11. Qb3 Na5 12. Qa4+ Nc6 13. Qb3 Na5 14. Qa4+ Nc6 15. Qb3 1/2-1/2

[Event "Wisla Hugart op"]
[Site "Warsaw"]
[Date "1999.??.??"]
[Round "?"]
[White "Bielczyk, Jacek"]
[Black "Babczynski, Dariusz"]
[Result "1-0"]
[WhiteElo "2368"]
[BlackElo "2040"]
[PlyCount "59"]
[EventDate "1999.??.??"]
[EventType "swiss"]
[EventRounds "9"]
[EventCountry "POL"]
[SourceTitle "EXT 2003"]
[Source "ChessBase"]
[SourceDate "2002.11.25"]
[SourceVersion "1"]
[SourceVersionDate "2002.11.25"]
[SourceQuality "1"]

1. e4 Nf6 2. e5 Nd5 3. d4 d6 4. Nf3 Bg4 5. Be2 e6 6. 0-0 Be7 7. h3 Bh5 8. c4 Nb6 9. Nc3 0-0 10. Be3 Nc6 11. exd6 cxd6 12. d5 exd5 13. Nxd5 Bxf3 14. Bxb6 axb6 15. Bxf3 Bf6 16. Qd2 Be5 17. g3 Re8 18. Rfe1 b5 19. cxb5 Nd4 20. Bg2 Nxb5 21. f4 Bd4+ 22. Kh2 Rxe1 23. Rxe1 Rxa2 24. Qe2 Kf8 25. Qxb5 Rxb2 26. Qd3 Bf6 27. Qxh7 g6 28. Nxf6 Qxf6 29. Qh6+ Qg7 30. Re8+ 1-0